20 Most Common Boys Names 2024 USA - Statistics

General Stats
  • This quiz has been taken 128 times
  • The average score is 10 of 20
Answer Stats
Answer % Correct
James
73%
William
70%
Jack
68%
Oliver
68%
Liam
65%
Michael
65%
Henry
60%
Noah
58%
Benjamin
54%
Daniel
51%
Elijah
49%
Alexander
47%
Lucas
47%
Ethan
44%
Theodore
34%
Levi
33%
Levi
33%
Mason
32%
Owen
29%
Mateo
28%
No matching quizzes found
Score Distribution
Percent of People with Each Score
Percentile by Number Answered
Your Score History
You have not taken this quiz